| 000 | 00842nam a2200229 a 4500 | ||
|---|---|---|---|
| 001 | BRCA_378 | ||
| 005 | 20190320203001.0 | ||
| 008 | 980825s1998 sp-a---##b---#001-0#spa-d | ||
| 020 | _a8488699352 | ||
| 040 |
_aDLC _cDLC |
||
| 050 | 4 |
_aDP179 _b.F33 1998 |
|
| 245 | 1 | 0 | _aFelipe II en la Biblioteca Nacional |
| 260 |
_a[Madrid] _bMinisterio de Educación y Cultura, Biblioteca Nacional _c1998. |
||
| 300 |
_a111 p. _bil. (algunas a color) _c26 cm. |
||
| 504 | _aIncluye referencias bibliográficas | ||
| 600 | 1 | 4 |
_aFelipe II _cRey de España _d1527-1598 _vExposiciones _91268 |
| 610 | 2 | 4 |
_aBiblioteca Nacional (Libros antiguos) _eExposiciones _ySiglo XVI _91269 |
| 651 | 4 |
_aEspaña _vExposiciones _xHistoria _yFelipe II, 1556-1598 _91270 |
|
| 653 | 0 | _aColección Biblioteca Nacional | |
| 710 | 2 |
_aBiblioteca Nacional (España) _91271 |
|
| 942 |
_2lcc _cB |
||
| 999 |
_c314 _d314 |
||